00860nam a2200253 a 450000100060000000300090000600800410001502000150005604000280007104100120009908200120011124500300012324600680015326000410022130000240026249000580028650000180034452100190036265000440038191700180042594200120044399900170045595201340047226753CO-ViMGA141112s2004 ck r 000 u spa d a9806437314 aCO-ViMGAbspacCO-ViMGA aspa fre04a577 O6310aLos orígenes de la vida aLos orígenes de la vida : experimentos fáciles y divertidos aMaracay : bPlayco Editores, cc2002 a83 p. : il. ; 18 cm aCiencia de bolsillo. Los pequeños científicos ; 7 a8 a 12 años a8 - 12 años.14aOrigen de la vida - Experimentos941416 a1648 20050418 2ddccBK c33497d33497 00102ddc40708003aMEVIECARbMEVIECARd2015-12-04h23/feb/2015l0o577 O63 p28284r2015-12-04 00:00:00tEj. 1w2015-12-04yBK